• 首页
  • 本馆介绍
  • 公告通知
  • 最新文献
  • 馆藏检索
  • 电子资源
  • 读者导购
  • 参考咨询
  • 我的图书馆
  • 登录
  • 期刊详细显示
  • 现刊情况显示
  • 合订本情况显示
  • 篇目信息显示

期刊信息

  • 表格格式
  • 工作单格式
  • 卡片格式
索取号 
G6/MMHK
题名 
妈妈画刊
作者 
甘肃少年儿童出版社
分册号 
分册名 
出版地 
兰州
出版者 
甘肃少年儿童出版社
标准刊号 
1003-4773
出版频率 
月刊
中图法分类 
G6
主题词 
教育 各级
电子资源 
000 00563nas0 2200193 45
001 0737630687
005 2007090610271068
011    @a1003-4773@d¥36.00
091    @aCN62-1085/C
100    @a20070906d km y0chiy0120 ea
101 0  @achi
200 1  @a妈妈画刊@AMa Ma Hua Kan@f甘肃少年儿童出版社@FGan Su Shao Nian Er Tong Chu Ban She
210    @a兰州@c甘肃少年儿童出版社
326    @a月刊
606 0  @a教育@x各级
690    @aG6@v4
711 02 @a甘肃少年儿童出版社@AGan Su Shao Nian Er Tong Chu Ban She
801  0 @aCN@bPFT@c20070906
905    @a213230@dG6@eMMHK
    
    妈妈画刊/甘肃少年儿童出版社.-兰州:甘肃少年儿童出版社
    
    
    
    ISSN 1003-4773:¥36.00
    
●
相关链接: 在易读查询期刊 在中国知网中查询期刊 在万方数据查询期刊 在维普查询期刊
唐山师范学院图书馆 欢迎您!
大连网信软件有限公司© 版权所有